An Introduction to descriptive linguistiscs (Record no. 795)

MARC details
000 -LEADER
fixed length control field 00330nam a22001097a 4500
008 - FIXED-LENGTH DATA ELEMENTS--GENERAL INFORMATION
fixed length control field 160624b xxu||||| |||| 00| 0 eng d
100 ## - MAIN ENTRY--PERSONAL NAME
9 (RLIN) 996
Personal name Gleason, H, A
245 ## - TITLE STATEMENT
Title An Introduction to descriptive linguistiscs
260 ## - PUBLICATION, DISTRIBUTION, ETC. (IMPRINT)
Place of publication, distribution, etc. N.D
Name of publisher, distributor, etc. Oxford & IBH Pub.
Date of publication, distribution, etc. 1961
300 ## - PHYSICAL DESCRIPTION
Extent An Introduction to descriptive linguistiscs
942 ## - ADDED ENTRY ELEMENTS (KOHA)
Source of classification or shelving scheme Dewey Decimal Classification
Koha item type BOOK
Holdings
Withdrawn status Lost status Source of classification or shelving scheme Damaged status Not for loan Home library Current library Date acquired Total Checkouts Full call number Barcode Date last seen Date last checked out Price effective from Koha item type
    Dewey Decimal Classification     Good Samaritan School Library Good Samaritan School Library 06/24/2016 1 410 GLE543 02/07/2019 02/04/2019 06/24/2016 BOOK

Powered by Koha